000 00728nam a2200217 a 4500
001 BRCA_5744
005 20190320205211.0
008 070311d1914----gw-#######---#100-0#ger-#
041 _ager
044 _agw
050 4 _aE184.G37
_bM58
_c1914
245 1 0 _aMitteilungen des Deutsch-Suidamerikanischen Instituts.
_cDeutsch-Suidamerikanischen Instituts.
260 _aSttugart
_bDeutschen Verlags-Anstalts.
_c1914
300 _a366 p.
_c20 cm.
500 _aRevista inventariada como libro por el Banco de México.
500 _aH59
650 1 4 _aInstituciones Alemanas en Sudamérica
_vPublicación Periódica.
_zStuttgart
_914572
710 2 _aDeutsch-Suidamerikanischen Instituts.
_914573
902 _aGFM
942 _2lcc
_cB
999 _c5434
_d5434